[Event "Enniscrone Sligo Winter op"]
[Site "Enniscrone"]
[Date "2024.02.03"]
[Round "?"]
[White "MacElligott, Gerard"]
[Black "O'Connor, Jonathan"]
[Result "1/2-1/2"]
[WhiteElo "1964"]
[BlackElo "2227"]
[PlyCount "82"]
[EventDate "2024.02.02"]
[EventType "swiss"]
[EventRounds "5"]
[EventCountry "IRL"]
[SourceTitle "CB07_2024"]
[SourceDate "2024.02.14"]
[SourceVersion "1"]
[SourceVersionDate "2024.02.14"]
[SourceQuality "1"]

1. d4 d5 2. Nf3 Bf5 3. c4 e6 4. Qb3 Nc6 5. cxd5 exd5 6. Bd2 Rb8 7. Nc3 Nf6 8. Rc1 Be7 9. e3 0-0 10. Nh4 Be6 11. Bd3 Re8 12. Nf3 Bf8 13. 0-0 Ne7 14. Qc2 g6 15. Ne2 c6 16. Bb4 Nf5 17. Bxf8 Rxf8 18. b4 a6 19. a4 Rc8 20. Nf4 Bd7 21. Ne5 Nd6 22. h4 Bf5 23. Bxf5 Nxf5 24. h5 Qe8 25. Qd3 Nd7 26. Nxd7 Qxd7 27. Rc5 Nd6 28. b5 axb5 29. axb5 Ne4 30. bxc6 bxc6 31. Rc2 g5 32. Ne2 f5 33. Rfc1 Rf6 34. Qa6 Rd6 35. Qa3 Re6 36. Qd3 Qf7 37. f3 Qxh5 38. fxe4 fxe4 39. Qa6 Rf8 40. Rxc6 Rxc6 41. Rxc6 Qh4 1/2-1/2

[Event "IRL-ch Seniors 50"]
[Site "Dublin"]
[Date "2024.01.06"]
[Round "4"]
[White "Delaney, John Anthony"]
[Black "O'Connor, Jonathan"]
[Result "1/2-1/2"]
[WhiteElo "2217"]
[BlackElo "2163"]
[PlyCount "32"]
[EventDate "2024.01.04"]
[EventType "swiss"]
[EventRounds "7"]
[EventCountry "IRL"]
[SourceTitle "CB02_2024"]
[SourceDate "2024.01.10"]
[SourceVersion "1"]
[SourceVersionDate "2024.01.10"]
[SourceQuality "1"]

1. e4 e5 2. Nf3 Nc6 3. Bb5 a6 4. Ba4 Nf6 5. 0-0 d6 6. d3 g6 7. c3 Bg7 8. h3 0-0 9. Re1 Bd7 10. Be3 Qe8 11. Nbd2 h6 12. d4 Nxd4 13. cxd4 Bxa4 14. b3 Bc6 15. dxe5 Nxe4 16. exd6 Nxd2 1/2-1/2

[Event "IRL-ch Seniors 50"]
[Site "Dublin"]
[Date "2024.01.06"]
[Round "5"]
[White "O'Connor, Jonathan"]
[Black "O'Dwyer, Fergal"]
[Result "1-0"]
[WhiteElo "2163"]
[BlackElo "1917"]
[PlyCount "88"]
[EventDate "2024.01.04"]
[EventType "swiss"]
[EventRounds "7"]
[EventCountry "IRL"]
[SourceTitle "CB02_2024"]
[SourceDate "2024.01.10"]
[SourceVersion "1"]
[SourceVersionDate "2024.01.10"]
[SourceQuality "1"]

1. Nf3 Nf6 2. g3 g6 3. b3 Bg7 4. Bb2 d5 5. Bg2 0-0 6. 0-0 c5 7. c4 Nc6 8. cxd5 Nxd5 9. Bxg7 Kxg7 10. d4 cxd4 11. Nxd4 Nxd4 12. Qxd4+ Nf6 13. Qe5 Kg8 14. Nc3 Ng4 15. Qd5 Rb8 16. h3 Nf6 17. Qe5 Be6 18. Rfd1 Qb6 19. Na4 Qa6 20. Nc5 Qa5 21. b4 Qb5 22. a4 Qb6 23. Nxe6 Qxe6 24. Qxe6 fxe6 25. Rac1 Rfc8 26. b5 Kf7 27. Rxc8 Rxc8 28. Bxb7 Rc2 29. Ra1 Rb2 30. Bc6 Nd5 31. a5 Nc7 32. b6 axb6 33. a6 Rc2 34. Bf3 b5 35. a7 b4 36. a8Q Nxa8 37. Rxa8 b3 38. Rb8 b2 39. Kg2 Kf6 40. Rb5 e5 41. e3 Kf5 42. g4+ Ke6 43. Be4 Rd2 44. Kf1 Kd7 1-0

[Event "IRL-ch Seniors 50"]
[Site "Dublin"]
[Date "2024.01.05"]
[Round "3"]
[White "O'Connor, Jonathan"]
[Black "Brady, Stephen"]
[Result "1-0"]
[WhiteElo "2163"]
[BlackElo "2258"]
[PlyCount "45"]
[EventDate "2024.01.04"]
[EventType "swiss"]
[EventRounds "7"]
[EventCountry "IRL"]
[SourceTitle "CB02_2024"]
[SourceDate "2024.01.10"]
[SourceVersion "1"]
[SourceVersionDate "2024.01.10"]
[SourceQuality "1"]

1. Nf3 Nf6 2. g3 b5 3. Bg2 Bb7 4. 0-0 c5 5. d3 e6 6. e4 d6 7. d4 Be7 8. Qe2 0-0 9. e5 Nd5 10. Rd1 Qb6 11. Nbd2 Nc6 12. dxc5 dxc5 13. Ne4 Rad8 14. Bg5 Bxg5 15. Nexg5 h6 16. Qe4 hxg5 17. Nxg5 f5 18. Qh4 Rf7 19. Qh7+ Kf8 20. Nxe6+ Ke7 21. Nxd8 Nxd8 22. Bxd5 Ne6 23. Bxe6 1-0

[Event "IRL-ch 102nd"]
[Site "Dublin"]
[Date "2023.08.13"]
[Round "9"]
[White "Venkatesan, Kavin"]
[Black "O'Connor, Jonathan"]
[Result "1-0"]
[WhiteElo "2298"]
[BlackElo "2148"]
[PlyCount "79"]
[EventDate "2023.08.05"]
[EventType "swiss"]
[EventRounds "9"]
[EventCountry "IRL"]
[SourceTitle "CBM 215 Extra"]
[Source "ChessBase"]
[SourceDate "2023.09.30"]
[SourceVersion "1"]
[SourceVersionDate "2023.09.30"]
[SourceQuality "1"]

1. d4 d5 2. c4 e6 3. Nc3 c6 4. e3 f5 5. Bd3 Nf6 6. cxd5 exd5 7. Nge2 Bd6 8. Ng3 Ne4 9. Bxe4 fxe4 10. Qb3 Na6 11. Bd2 Qe7 12. 0-0-0 Be6 13. f3 Nb4 14. Rdf1 0-0 15. Kb1 exf3 16. gxf3 a5 17. a3 Na6 18. Nce2 b5 19. f4 b4 20. a4 c5 21. f5 c4 22. Qd1 Bxf5+ 23. Nxf5 Rxf5 24. Qc2 Rxf1+ 25. Rxf1 Nc7 26. b3 cxb3 27. Qxb3 Bxh2 28. Kb2 Bd6 29. Rc1 Rd8 30. Rc6 Qd7 31. Qc2 Ne8 32. Ra6 Qc7 33. Qf5 Nf6 34. e4 dxe4 35. Qe6+ Kh8 36. Bg5 Be7 37. Bf4 Qd7 38. Qxd7 Rxd7 39. Rxa5 Nd5 40. Be5 1-0

[Event "IRL-ch 102nd"]
[Site "Dublin"]
[Date "2023.08.10"]
[Round "6"]
[White "Baburin, Alexander"]
[Black "O'Connor, Jonathan"]
[Result "1/2-1/2"]
[WhiteElo "2379"]
[BlackElo "2148"]
[PlyCount "39"]
[EventDate "2023.08.05"]
[EventType "swiss"]
[EventRounds "9"]
[EventCountry "IRL"]
[SourceTitle "CBM 215 Extra"]
[Source "ChessBase"]
[SourceDate "2023.09.30"]
[SourceVersion "1"]
[SourceVersionDate "2023.09.30"]
[SourceQuality "1"]

1. d4 Nf6 2. c4 g6 3. Nf3 Bg7 4. g3 c6 5. Bg2 d5 6. Qb3 dxc4 7. Qxc4 0-0 8. 0-0 Bf5 9. b3 Nbd7 10. Bb2 Rc8 11. Nbd2 Ne4 12. Rfd1 c5 13. Qa4 Nd6 14. Rac1 b5 15. Qa3 a5 16. Ba1 b4 17. Qa4 Nb8 18. Nc4 Nxc4 19. bxc4 Qc7 20. d5 1/2-1/2

[Event "IRL-ch Seniors 50/65"]
[Site "Dublin"]
[Date "2021.09.25"]
[Round "3"]
[White "O'Connor, Jonathan"]
[Black "MacElligott, Gerard"]
[Result "1-0"]
[WhiteElo "2153"]
[BlackElo "1966"]
[PlyCount "37"]
[EventDate "2021.09.24"]
[EventType "swiss"]
[EventRounds "5"]
[EventCountry "IRL"]
[SourceTitle "EXT 2024"]
[Source "ChessBase"]
[SourceDate "2023.10.10"]
[SourceVersion "1"]
[SourceVersionDate "2023.10.10"]
[SourceQuality "1"]

1. d4 d5 2. c4 e6 3. Nc3 c5 4. cxd5 exd5 5. Nf3 Nc6 6. g3 Nf6 7. Bg2 cxd4 8. Nxd4 Bc5 9. Nxc6 bxc6 10. 0-0 0-0 11. Na4 Bb6 12. b4 Re8 13. a3 Bg4 14. Re1 Re6 15. Qd3 Qe8 16. Nxb6 Bxe2 17. Rxe2 Rxe2 18. Nxa8 Re1+ 19. Bf1 1-0

[Event "IRL-ch 100th"]
[Site "Dublin"]
[Date "2021.08.07"]
[Round "8"]
[White "Goss, Alex"]
[Black "O'Connor, Jonathan"]
[Result "0-1"]
[WhiteElo "1833"]
[BlackElo "2153"]
[PlyCount "86"]
[EventDate "2021.07.31"]
[EventType "swiss"]
[EventRounds "9"]
[EventCountry "IRL"]
[SourceTitle "CBM 203 Extra"]
[Source "ChessBase"]
[SourceDate "2021.09.30"]
[SourceVersion "1"]
[SourceVersionDate "2021.09.30"]
[SourceQuality "1"]

1. e4 e5 2. Nf3 Nc6 3. d4 exd4 4. Bc4 Nf6 5. e5 Ne4 6. 0-0 Be7 7. Re1 d5 8. Bb5 0-0 9. Bxc6 bxc6 10. Nxd4 Bd7 11. f3 Nc5 12. Be3 a5 13. a4 Rb8 14. b3 Re8 15. Qd2 Ne6 16. f4 Bb4 17. c3 Nxd4 18. Bxd4 Bf8 19. Qd1 Qh4 20. Rf1 Bg4 21. Qc2 c5 22. Bf2 Qh5 23. Nd2 Bf5 24. Qa2 Bd3 25. Rfe1 Qf5 26. Re3 Ba6 27. Rf3 Be2 28. Re3 Bh5 29. g3 c6 30. Nf3 Bg4 31. Nh4 Qd7 32. Rd3 Be7 33. Ng2 Bf5 34. Rd2 Be4 35. Re1 Qb7 36. Rb2 c4 37. b4 axb4 38. a5 b3 39. Qa4 Qb5 40. Ra1 Qa6 41. Ne3 Ra8 42. Nf1 Reb8 43. Nd2 Bd3 0-1

[Event "IRL-ch 100th"]
[Site "Dublin"]
[Date "2021.08.06"]
[Round "7"]
[White "Murray, Sam"]
[Black "O'Connor, Jonathan"]
[Result "1/2-1/2"]
[WhiteElo "1621"]
[BlackElo "2153"]
[PlyCount "105"]
[EventDate "2021.07.31"]
[EventType "swiss"]
[EventRounds "9"]
[EventCountry "IRL"]
[SourceTitle "CBM 203 Extra"]
[Source "ChessBase"]
[SourceDate "2021.09.30"]
[SourceVersion "1"]
[SourceVersionDate "2021.09.30"]
[SourceQuality "1"]

1. d4 Nf6 2. g4 Nxg4 3. e4 d6 4. Nc3 c6 5. Nf3 g6 6. h3 Nf6 7. Bg5 Bg7 8. Qd2 b5 9. Bd3 b4 10. Ne2 Nbd7 11. Qxb4 Rb8 12. Qa3 0-0 13. 0-0 Qb6 14. Rab1 Re8 15. Be3 a5 16. Nd2 Ba6 17. Nb3 Bxd3 18. cxd3 a4 19. Nd2 Ra8 20. Nc4 Qa6 21. Rfc1 d5 22. exd5 Nxd5 23. Nc3 Nxe3 24. fxe3 e5 25. d5 cxd5 26. Nxd5 Qe6 27. Nc7 Qxh3 28. Nxe8 Rxe8 29. Rc2 Bh6 30. Re1 Nf6 31. Qc3 Ng4 32. Qd2 Rd8 33. Qg2 Qh4 34. Qe2 Rxd3 35. Qxd3 Qxe1+ 36. Kg2 Bxe3 37. Kf3 Bf4 38. Kg2 h5 39. Re2 Qh4 40. Qh3 Qe7 41. Qf3 Kg7 42. Qxf4 Qb7+ 43. Qf3 Qb5 44. Qxf7+ Kh6 45. Rc2 Qc5 46. Re2 Qc6+ 47. Kg3 Qc5 48. Nxe5 Qg1+ 49. Rg2 Qe1+ 50. Kh3 Qxe5 51. Qf8+ Kg5 52. Qd8+ Kh6 53. Qf8+ 1/2-1/2

[Event "IRL-ch 100th"]
[Site "Dublin"]
[Date "2021.08.02"]
[Round "3"]
[White "O'Connor, Jonathan"]
[Black "Kanyamarala, Trisha"]
[Result "0-1"]
[WhiteElo "2153"]
[BlackElo "2180"]
[PlyCount "104"]
[EventDate "2021.07.31"]
[EventType "swiss"]
[EventRounds "9"]
[EventCountry "IRL"]
[SourceTitle "CBM 203 Extra"]
[Source "ChessBase"]
[SourceDate "2021.09.30"]
[SourceVersion "1"]
[SourceVersionDate "2021.09.30"]
[SourceQuality "1"]

1. e4 c5 2. Nc3 Nc6 3. Bb5 Nd4 4. Nf3 a6 5. Bd3 Nc6 6. 0-0 d6 7. h3 Nf6 8. Re1 e6 9. Bf1 Be7 10. d3 0-0 11. Ne2 Qc7 12. Ng3 b5 13. c3 Bb7 14. d4 Rfd8 15. a3 Rac8 16. Be3 Na5 17. Nd2 cxd4 18. cxd4 Nc4 19. Rc1 Qb8 20. Bxc4 bxc4 21. Qc2 d5 22. e5 Nd7 23. Nf3 c3 24. bxc3 Bxa3 25. Rb1 Bf8 26. Ng5 g6 27. h4 Rc6 28. h5 Qc8 29. Qe2 Nb6 30. Qg4 Qd7 31. Qh4 Qe7 32. Qg4 Rb8 33. Nxh7 Kxh7 34. Bg5 Qd7 35. Qh4 Kg8 36. Re3 Nc8 37. Kh2 Ne7 38. hxg6 fxg6 39. Rh1 Nf5 40. Nxf5 exf5 41. Kg3 Bg7 42. Qh7+ Kf7 43. Bf6 Rxf6 44. exf6 Kxf6 45. Rhe1 f4+ 46. Kxf4 Qf5+ 47. Kg3 Rh8 48. Qxg7+ Kxg7 49. Re7+ Kf6 50. Rxb7 Qg5+ 51. Kf3 Rh4 52. Ra1 Qh5+ 0-1

[Event "IRL-ch"]
[Site "Dublin"]
[Date "2020.08.06"]
[Round "6"]
[White "Kanyamarala, Trisha"]
[Black "O'Connor, Jonathan"]
[Result "1/2-1/2"]
[WhiteElo "2193"]
[BlackElo "2159"]
[PlyCount "77"]
[EventDate "2020.08.01"]
[EventType "swiss"]
[EventRounds "9"]
[EventCountry "IRL"]
[SourceTitle "CBM 197 Extra"]
[Source "ChessBase"]
[SourceDate "2020.09.30"]
[SourceVersion "1"]
[SourceVersionDate "2020.09.30"]
[SourceQuality "1"]

1. d4 Nf6 2. c4 g6 3. Nc3 d5 4. cxd5 Nxd5 5. e4 Nxc3 6. bxc3 Bg7 7. Nf3 c5 8. Be3 Qa5 9. Qd2 0-0 10. Be2 Nc6 11. Rd1 Rd8 12. 0-0 Bg4 13. Qb2 cxd4 14. cxd4 b6 15. a3 Bxf3 16. Bxf3 Qa4 17. e5 Rac8 18. Be2 Na5 19. Rc1 Nc4 20. Bxc4 Rxc4 21. Rxc4 Qxc4 22. Rc1 Qd5 23. Qb4 Bf8 24. h3 f6 25. Qa4 a5 26. Rb1 Rb8 27. Rc1 Rd8 28. Rb1 Rb8 29. Rb5 Qa2 30. Rb3 b5 31. Rxb5 Rxb5 32. Qxb5 Qxa3 33. Qc4+ Kg7 34. exf6+ exf6 35. Qc7+ Kg8 36. Qc4+ Kg7 37. Qc7+ Kg8 38. Qc4+ Kg7 39. Qc7+ 1/2-1/2

[Event "IRL-ch"]
[Site "Dublin"]
[Date "2020.08.05"]
[Round "5"]
[White "O'Connor, Jonathan"]
[Black "Brady, Stephen"]
[Result "0-1"]
[WhiteElo "2159"]
[BlackElo "2290"]
[PlyCount "96"]
[EventDate "2020.08.01"]
[EventType "swiss"]
[EventRounds "9"]
[EventCountry "IRL"]
[SourceTitle "CBM 197 Extra"]
[Source "ChessBase"]
[SourceDate "2020.09.30"]
[SourceVersion "1"]
[SourceVersionDate "2020.09.30"]
[SourceQuality "1"]

1. d4 Nf6 2. c4 e6 3. g3 d5 4. Nf3 Bb4+ 5. Bd2 Be7 6. Bg2 0-0 7. 0-0 Nbd7 8. Qc2 c6 9. Bf4 b6 10. Ne5 Bb7 11. cxd5 Nxe5 12. d6 Ng6 13. dxe7 Qxe7 14. Bd2 Rfd8 15. Bc3 Nd5 16. Nd2 Rac8 17. Nb3 a5 18. e4 Nxc3 19. bxc3 c5 20. Qd2 a4 21. Nc1 Ne5 22. Ne2 Nc4 23. Qc2 cxd4 24. Nxd4 e5 25. Nf3 b5 26. Rfd1 h6 27. Ne1 Kf8 28. Nd3 Rd6 29. Nb4 Rcd8 30. Nd5 Qd7 31. Bf1 Bxd5 32. exd5 g6 33. Bxc4 bxc4 34. Rab1 Kg7 35. Rb4 Rxd5 36. Rf1 Qg4 37. f3 Qh3 38. Qg2 Qe6 39. Rb2 a3 40. Rc2 Rd1 41. Qe2 Rxf1+ 42. Kxf1 Rd3 43. Kg2 Qd5 44. Kf2 h5 45. Kg2 Kf6 46. Kf2 Rd1 47. Kg2 Qd3 48. Kf2 g5 0-1

[Event "Bunratty Masters 27th"]
[Site "Bunratty"]
[Date "2020.02.22"]
[Round "3"]
[White "Venkatesan, Kavin"]
[Black "O'Connor, Jonathan"]
[Result "0-1"]
[WhiteElo "2027"]
[BlackElo "2161"]
[PlyCount "80"]
[EventDate "2020.02.21"]
[EventType "swiss"]
[EventRounds "6"]
[EventCountry "IRL"]
[SourceTitle "EXT 2023"]
[Source "ChessBase"]
[SourceDate "2022.10.05"]
[SourceVersion "1"]
[SourceVersionDate "2022.10.05"]
[SourceQuality "1"]

1. d4 Nf6 2. c4 e6 3. Nc3 Bb4 4. f3 c5 5. d5 d6 6. e4 0-0 7. Bd3 Nbd7 8. Nge2 b5 9. 0-0 exd5 10. Nxb5 dxe4 11. Bxe4 Nxe4 12. fxe4 Ne5 13. Nxd6 Be6 14. b3 Bg4 15. Rf2 Bc3 16. Rb1 Bxe2 17. Qxe2 Qxd6 18. Bb2 Bxb2 19. Rxb2 Rad8 20. Rd2 Qxd2 21. Qxd2 Rxd2 22. Rxd2 Rc8 23. Rd5 f6 24. h3 Kf7 25. Kf2 Ke7 26. g4 g5 27. Ke3 Rc6 28. Kd2 Rd6 29. Ke3 Nd7 30. Kf3 Ke6 31. Ke3 Rxd5 32. exd5+ Ke5 33. a3 a5 34. Kd3 f5 35. Ke3 f4+ 36. Kd3 Nb6 37. Ke2 Kd4 38. Kf3 Kc3 39. d6 Kxb3 40. Ke4 Kxc4 0-1

[Event "IRL-ch"]
[Site "Dublin"]
[Date "2019.08.11"]
[Round "9"]
[White "Haque, Muhtarim Ul"]
[Black "O'Connor, Jonathan"]
[Result "1-0"]
[WhiteElo "2036"]
[BlackElo "2165"]
[PlyCount "111"]
[EventDate "2019.08.03"]
[EventType "swiss"]
[EventRounds "9"]
[EventCountry "IRL"]
[SourceTitle "CBM 191 Extra"]
[Source "ChessBase"]
[SourceDate "2019.09.30"]
[SourceVersion "1"]
[SourceVersionDate "2019.09.30"]
[SourceQuality "1"]

1. d4 Nf6 2. Nf3 d5 3. c4 e6 4. Nc3 dxc4 5. e3 a6 6. a4 b6 7. Bxc4 Bb7 8. 0-0 Bb4 9. Qe2 c5 10. Ne5 0-0 11. Rd1 Qc8 12. Bd3 Nc6 13. Ng4 Nxg4 14. Qxg4 f5 15. Qf4 Rf6 16. Be2 cxd4 17. exd4 Ne7 18. Bf3 Bxc3 19. Bxb7 Qxb7 20. bxc3 Rc8 21. Rd3 Nd5 22. Qf3 Rc4 23. Bd2 a5 24. Qh5 Rg6 25. Rg3 Nf6 26. Qe2 Qc6 27. Rxg6 hxg6 28. f3 Nd5 29. Re1 Kf7 30. h4 Rxa4 31. g4 Rc4 32. h5 gxh5 33. gxh5 Nf6 34. h6 gxh6 35. Qe3 Qd6 36. Re2 Rc8 37. Qxh6 Rg8+ 38. Bg5 Qg3+ 39. Rg2 Qe1+ 40. Kh2 Rg6 41. Qxg6+ Kxg6 42. Bd2+ Ng4+ 43. Rxg4+ fxg4 44. Bxe1 Kf5 45. Kg3 gxf3 46. Kxf3 e5 47. Ke3 b5 48. Bg3 a4 49. Kd3 e4+ 50. Kc2 Ke6 51. Bf4 Kd5 52. Bc1 b4 53. cxb4 Kxd4 54. Kb2 Kc4 55. Ka3 Kb5 56. Be3 1-0

[Event "IRL-ch"]
[Site "Dublin"]
[Date "2019.08.06"]
[Round "4"]
[White "O'Connor, Jonathan"]
[Black "O'Donnell, Conor"]
[Result "0-1"]
[WhiteElo "2165"]
[BlackElo "2311"]
[PlyCount "64"]
[EventDate "2019.08.03"]
[EventType "swiss"]
[EventRounds "9"]
[EventCountry "IRL"]
[SourceTitle "CBM 191 Extra"]
[Source "ChessBase"]
[SourceDate "2019.09.30"]
[SourceVersion "1"]
[SourceVersionDate "2019.09.30"]
[SourceQuality "1"]

1. e4 c5 2. Nf3 e6 3. d3 Nc6 4. g3 d5 5. Nbd2 Nf6 6. Bg2 Be7 7. 0-0 b6 8. Re1 Bb7 9. e5 Nd7 10. h4 Qc7 11. Qe2 h6 12. Nf1 g5 13. hxg5 hxg5 14. N1h2 0-0-0 15. Ng4 Rh5 16. c3 Rdh8 17. a3 Qd8 18. b4 Qg8 19. b5 Na5 20. d4 Nb3 21. Be3 Nxa1 22. Rxa1 f5 23. exf6 Nxf6 24. Nxf6 Bxf6 25. g4 cxd4 26. Bxd4 R5h6 27. Ne5 Qh7 28. f3 Rh1+ 29. Bxh1 Qxh1+ 30. Kf2 Rh2+ 31. Kg3 Rg2+ 32. Qxg2 Qh4# 0-1

[Event "IRL-ch"]
[Site "Dublin"]
[Date "2019.08.03"]
[Round "1"]
[White "Byrne, Alex"]
[Black "O'Connor, Jonathan"]
[Result "0-1"]
[WhiteElo "1963"]
[BlackElo "2165"]
[PlyCount "52"]
[EventDate "2019.08.03"]
[EventType "swiss"]
[EventRounds "9"]
[EventCountry "IRL"]
[SourceTitle "CBM 191 Extra"]
[Source "ChessBase"]
[SourceDate "2019.09.30"]
[SourceVersion "1"]
[SourceVersionDate "2019.09.30"]
[SourceQuality "1"]

1. e4 e5 2. Nc3 Nf6 3. f4 d5 4. Nf3 exf4 5. e5 Nh5 6. d4 Bg4 7. Be2 g6 8. 0-0 Bg7 9. Ne1 Bxe2 10. Nxe2 0-0 11. Nd3 c6 12. Nexf4 Nxf4 13. Bxf4 Na6 14. Qg4 Nc7 15. Nc5 Qc8 16. Qxc8 Raxc8 17. Nxb7 Ne6 18. Rad1 Rb8 19. Na5 Rxb2 20. c4 Rc8 21. a3 Bf8 22. Bc1 Rc2 23. Nxc6 Rxc4 24. Nxa7 Rb8 25. a4 Rxa4 26. Nc6 Rc8 0-1

[Event "Bunratty Masters 26th"]
[Site "Bunratty"]
[Date "2019.02.24"]
[Round "6"]
[White "Vicas, Marijus"]
[Black "O'Connor, Jonathan"]
[Result "1-0"]
[WhiteElo "2212"]
[BlackElo "2208"]
[PlyCount "81"]
[EventDate "2019.02.22"]
[EventType "swiss"]
[EventRounds "6"]
[EventCountry "IRL"]
[SourceTitle "EXT 2024"]
[Source "ChessBase"]
[SourceDate "2023.10.10"]
[SourceVersion "1"]
[SourceVersionDate "2023.10.10"]
[SourceQuality "1"]

1. e4 e5 2. Nf3 Nc6 3. Bb5 a6 4. Ba4 Nf6 5. 0-0 Be7 6. Re1 b5 7. Bb3 0-0 8. h3 d6 9. c3 Na5 10. Bc2 c5 11. a4 b4 12. d3 Qc7 13. Nbd2 Rb8 14. Nf1 Be6 15. c4 Nc6 16. b3 Ne8 17. Ne3 Qd7 18. Kh2 g6 19. g4 Ng7 20. Rg1 Kh8 21. Qf1 f6 22. Qg2 Rg8 23. Nd5 Rbf8 24. Bh6 Bd8 25. Qg3 f5 26. Ng5 fxe4 27. dxe4 Nd4 28. Bd1 Bxd5 29. exd5 Bxg5 30. Bxg5 Qf7 31. Ra2 Qd7 32. f4 exf4 33. Bxf4 Ne8 34. Rf2 Rf7 35. Rgf1 Rgf8 36. Bh6 Rxf2+ 37. Rxf2 Rxf2+ 38. Qxf2 Qe7 39. Bg5 Qe5+ 40. Bf4 Qe7 41. Qe3 1-0

[Event "IRL-ch Weekender op"]
[Site "Dublin"]
[Date "2018.08.12"]
[Round "4.13"]
[White "O'Connor, Jonathan"]
[Black "Gallagher, Matthew"]
[Result "1-0"]
[WhiteElo "2242"]
[BlackElo "1594"]
[PlyCount "93"]
[EventDate "2018.08.10"]
[EventType "swiss"]
[EventRounds "5"]
[EventCountry "IRL"]
[SourceTitle "EXT 2023"]
[Source "ChessBase"]
[SourceDate "2022.10.05"]
[SourceVersion "1"]
[SourceVersionDate "2022.10.05"]
[SourceQuality "1"]

1. e4 c6 2. d4 d5 3. e5 Bf5 4. Nf3 e6 5. Be2 c5 6. 0-0 Nc6 7. c3 cxd4 8. cxd4 Bb4 9. a3 Ba5 10. b4 Bc7 11. Bb2 Nge7 12. Nbd2 0-0 13. Nh4 Bb6 14. Nxf5 Nxf5 15. Nf3 Rc8 16. Qd2 Qd7 17. Bc3 Rc7 18. b5 Nce7 19. a4 Rcc8 20. a5 Bc7 21. Rac1 b6 22. a6 Bb8 23. g4 Nh6 24. h3 Kh8 25. Bb4 Nhg8 26. Nh2 Rxc1 27. Rxc1 Rc8 28. f4 Rxc1+ 29. Qxc1 Qc8 30. Qd2 Qc7 31. Nf3 Nh6 32. Kg2 Nhg8 33. Bd3 Qd7 34. Ng5 Qe8 35. Qc2 h6 36. Nf3 Qc8 37. f5 Qxc2+ 38. Bxc2 g6 39. f6 Nc8 40. Bf8 Kh7 41. h4 Bc7 42. h5 Bd8 43. Bg7 Nd6 44. exd6 Nxf6 45. Bxf6 Bxf6 46. Ne5 Kg7 47. Nc6 1-0

[Event "IRL-ch Weekender op"]
[Site "Dublin"]
[Date "2018.08.11"]
[Round "3.4"]
[White "Murphy, Sean1111"]
[Black "O'Connor, Jonathan"]
[Result "1-0"]
[WhiteElo "1854"]
[BlackElo "2242"]
[PlyCount "49"]
[EventDate "2018.08.10"]
[EventType "swiss"]
[EventRounds "5"]
[EventCountry "IRL"]
[SourceTitle "EXT 2023"]
[Source "ChessBase"]
[SourceDate "2022.10.05"]
[SourceVersion "1"]
[SourceVersionDate "2022.10.05"]
[SourceQuality "1"]

1. d4 Nf6 2. c4 e6 3. Nc3 Bb4 4. Qc2 d5 5. cxd5 exd5 6. Bg5 h6 7. Bh4 0-0 8. e3 Re8 9. Nf3 c5 10. dxc5 g5 11. Bg3 Ne4 12. Bd3 Bf5 13. 0-0 Bxc3 14. bxc3 Nd7 15. Nd4 Nxg3 16. fxg3 Bxd3 17. Qxd3 Ne5 18. Qe2 Rc8 19. Qh5 Kh7 20. Rf5 Rc7 21. Raf1 Kg7 22. Nb5 Rd7 23. Nd6 Ree7 24. Rf6 Ng6 25. Nxf7 1-0

[Event "Bunratty Masters op 25th"]
[Site "Bunratty"]
[Date "2018.02.24"]
[Round "2"]
[White "O'Connor, Jonathan"]
[Black "Mulligan, Scott"]
[Result "1/2-1/2"]
[WhiteElo "2234"]
[BlackElo "1984"]
[PlyCount "126"]
[EventDate "2018.02.23"]
[EventType "swiss"]
[EventRounds "6"]
[EventCountry "IRL"]
[SourceTitle "CBM 183 Extra"]
[Source "ChessBase"]
[SourceDate "2018.04.19"]
[SourceVersion "1"]
[SourceVersionDate "2018.04.19"]
[SourceQuality "1"]

1. e4 e6 2. d4 d5 3. Nc3 Bb4 4. e5 c5 5. a3 Bxc3+ 6. bxc3 Ne7 7. Nf3 Qa5 8. Bd2 Qa4 9. h4 Nbc6 10. h5 h6 11. Rh4 c4 12. Be2 Bd7 13. Rf4 g5 14. hxg6 fxg6 15. Rf6 0-0-0 16. Nh2 g5 17. Bh5 Ng8 18. Rf3 Be8 19. Bg4 Kd7 20. Rh3 Bg6 21. Bxg5 Rf8 22. Ra2 Qb5 23. Kf1 Rh7 24. a4 Qb6 25. Bc1 Rhf7 26. Rf3 Qa5 27. Bd2 Qd8 28. Kg1 h5 29. Rxf7+ Bxf7 30. Bxh5 Qh4 31. Bxf7 Rxf7 32. g3 Qh8 33. Qg4 Nge7 34. Bg5 Rh7 35. Bf6 Qf8 36. Qg5 Nf5 37. Nf3 Qf7 38. g4 Nfe7 39. Kg2 Ng8 40. Ra1 Rh6 41. Rh1 Rg6 42. Qh4 Nxf6 43. exf6 Rxf6 44. Ng5 Qg6 45. Qh7+ Ne7 46. Qxg6 Rxg6 47. f4 a6 48. Kg3 Nc8 49. Rh7+ Kc6 50. Nf3 Rg8 51. Ne5+ Kb6 52. a5+ Kxa5 53. Rxb7 Nd6 54. Re7 Ne4+ 55. Kf3 Nxc3 56. Rxe6 Nb5 57. c3 Nxc3 58. Nc6+ Kb5 59. g5 Ne4 60. Ne7 Rxg5 61. Nxd5 Nd2+ 62. Ke2 Rxd5 63. Kxd2 Rxd4+ 1/2-1/2

[Event "Bunratty Masters op 24th"]
[Site "Bunratty"]
[Date "2017.02.19"]
[Round "5"]
[White "O'Connor, Jonathan"]
[Black "Cafolla, Peter"]
[Result "1-0"]
[WhiteElo "2126"]
[BlackElo "1976"]
[PlyCount "53"]
[EventDate "2017.02.17"]
[EventType "swiss"]
[EventRounds "6"]
[EventCountry "IRL"]
[SourceTitle "EXT 2018"]
[Source "ChessBase"]
[SourceDate "2017.10.13"]
[SourceVersion "1"]
[SourceVersionDate "2017.10.13"]
[SourceQuality "1"]

1. e4 c5 2. Nf3 Nc6 3. Bb5 Nd4 4. Nxd4 cxd4 5. 0-0 a6 6. Bc4 e6 7. d3 Ne7 8. c3 d5 9. exd5 exd5 10. Bb3 dxc3 11. Nxc3 Be6 12. Re1 Qd7 13. Bf4 Rc8 14. d4 f6 15. Na4 Rc6 16. Nc5 Qc8 17. Nxe6 Rxe6 18. Rc1 Rxe1+ 19. Qxe1 Qf5 20. Bd6 Qe4 21. Qxe4 dxe4 22. Rc7 b5 23. Be6 g6 24. Rb7 Nc6 25. Bd7+ Kd8 26. Bxc6 Bxd6 27. Rd7+ 1-0

[Event "Bunratty Masters op 24th"]
[Site "Bunratty"]
[Date "2017.02.17"]
[Round "1"]
[White "O'Connor, Jonathan"]
[Black "Wells, Peter K"]
[Result "0-1"]
[WhiteElo "2126"]
[BlackElo "2428"]
[PlyCount "44"]
[EventDate "2017.02.17"]
[EventType "swiss"]
[EventRounds "6"]
[EventCountry "IRL"]
[SourceTitle "EXT 2018"]
[Source "ChessBase"]
[SourceDate "2017.10.13"]
[SourceVersion "1"]
[SourceVersionDate "2017.10.13"]
[SourceQuality "1"]

1. d4 Nf6 2. Nf3 d5 3. c4 e6 4. Nc3 c6 5. Bg5 h6 6. Bh4 dxc4 7. e4 b5 8. e5 g5 9. Nxg5 hxg5 10. Bxg5 Nbd7 11. g3 Qa5 12. exf6 b4 13. Ne4 Ba6 14. Qd2 0-0-0 15. Bg2 c3 16. bxc3 Ne5 17. dxe5 Rxd2 18. Bxd2 bxc3 19. Bxc3 Bb4 20. Bxb4 Qxb4+ 21. Nd2 Qc3 22. Rd1 Rh5 0-1